00221nam a22000857a 4500082001600000100001600016245006800032260002500100300001000125 aTNC K5 Sa98 aSaxena,A.P. aSkills profile analysis for management trainingcBy A.P. Saxena aNew DelhibAnec2012 a160p.